Strzelcy bramek w 4 kolejce Ekstraklasy 2021/22 - Statystyki

Ogólne statystyki
  • Ten quiz został rozwiązany 38 razy
  • Średni wynik to 12 z 25
Statystyki odpowiedzi
Mecz Piłkarz % Poprawnych
Termalica - Lech Poznań 1:3 Ishak
81%
Termalica - Lech Poznań 0:2 Amaral
69%
Termalica - Lech Poznań 1:2 Wlazło
69%
Lechia Gdańsk - Cracovia 3:0 Zwoliński
64%
Termalica - Lech Poznań 0:1 Douglas
61%
Stal Mielec - Wisła Kraków 2:1 Mak
61%
Warta Poznań - Legia Warszawa 0:2 Pekhart
61%
Jagiellonia Białystok - Górnik Zabrze 0:1 Kubica
58%
Jagiellonia Białystok - Górnik Zabrze 1:2 Kubica
58%
Stal Mielec - Wisła Kraków 1:0 Kolev
53%
Piast Gliwice - Wisła Płock 4:3 Czerwiński
50%
Jagiellonia Białystok - Górnik Zabrze 1:3 Jimenez
50%
Piast Gliwice - Wisła Płock 1:0 Vida
47%
Warta Poznań - Legia Warszawa 0:1 Lopes
44%
Piast Gliwice - Wisła Płock 2:0 (Bramka Samobójcza) Rzeźniczak
42%
Piast Gliwice - Wisła Płock 3:2 Warchoł
42%
Piast Gliwice - Wisła Płock 3:3 Warchoł
42%
Stal Mielec - Wisła Kraków 1:1 Kliment
39%
Lechia Gdańsk - Cracovia 1:0 Gajos
36%
Jagiellonia Białystok - Górnik Zabrze 1:1 Prikryl
36%
Lechia Gdańsk - Cracovia 2:0 Żukowski
36%
Zagłębie Lubin - Pogoń Szczecin 1:0 Daniel
28%
Zagłębie Lubin - Pogoń Szczecin 2:0 Poręba
28%
Piast Gliwice - Wisła Płock 3:1 Toril
22%
Piast Gliwice - Wisła Płock 2:1 Kryvotsiuk
17%
Nie znaleziono quizów pasujących do podanych kryteriów
Rozkład punktacji
Procent ludzi z każdym wynikiem
Percentyl według liczby udzielonych odpowiedzi
Twoja historia wyników
Nie rozwiązałeś tego quizu